000 00827nam a22003130a 4500
001 PT53561
003 AR-LpoUNG
005 20210131231559.0
008 191001s2005||||ag |||||||||||||||||spa d
020 _a9505813813
_c$8,03
040 _aAR-LpoUNG
_bspa
_cAR-LpoUNG
_eaacr
041 _aspa
044 _aag
082 0 _a808.068 3 231rey
100 1 _aDe Santis, Pablo
245 1 0 _aRey secreto
250 _a1ra. ed., 1ra. reimpr.
260 _aBuenos Aires :
_bColihue,
_c2005.
300 _a127 p. :
_bil.
505 0 _aSugerido a partir de 10 aƱos (etiqueta VIOLETA)
650 4 _aARGENTINA
650 4 _aCUENTOS
650 4 _aLITERATURA
651 4 _aDOCUMENTOS TEORICOS O METODOLOGICOS
653 _aLITERATURA INFANTOJUVENIL
700 1 _aCachimba, Max
_eil.
905 _a53561
942 _cLIB
999 _c10873
_d10873